000 00680nam a2200181 a 4500
003 0
005 20250620130223.0
008 021118s19uu xx 00 eng d
050 _aPHS LB 1044.87
_b.P37 1999
100 _aPark, Soo Han.
245 _aThe Use of internet in the studies of AMA Computer College students sy 1998-1999 /
_cSoo Han Park.
260 _aLas PiƱas City, Philippines :
_bSouthville International School and Colleges,
_c1999.
300 _a25 pages ;
_c28 cm.
650 _aInternet in education
_zPhilippines.
650 _aCollege students
_zPhilippines
_xUse of the internet.
650 _aComputer-assisted instruction
_zPhilippines.
942 _2lcc
_cPASS
999 _c96232
_d96232